Quality of planting material on the growth phase of Hevea (Record no. 66176)

MARC details
000 -LEADER
fixed length control field 02327nam a2200181Ia 4500
100 ## - MAIN ENTRY--AUTHOR NAME
Personal name Seneviratne P
245 #0 - TITLE STATEMENT
Title Quality of planting material on the growth phase of Hevea
260 ## - PUBLICATION, DISTRIBUTION, ETC. (IMPRINT)
Name of publisher Proceedings of the First Symposium on Plantation Crop Research : Current Trends and Future Challenges,8-9 July, 2004, Sri Lanka, pp.62-72.
520 ## - SUMMARY, ETC.
Summary, etc The growth of seedlings and buddings of rubber is periodic and the growth during the first 3-5 years is purely vegetative. Also, rubber tree undergoes a phase change during its development process. Trees attain the mature phase in 5-6 years of age which is generally characteristic by flowering and wintering. As far as the rubber planting is concerned,the physiological and biochemical characteristics related to the mature phase, such as slow growth rate, loosing of root regeneration capacity, high content of phenolic compounds etc are all undesirables. All improved or known clonal materials belong in this phase. Being a long term perennial tree, with 30 years life span, use of quality guaranteed plants in every planting programme cannot be over emphasized. Though the potential yields of new clones recommended are in the range of 1,500-2,500 kg ha-1 yr-1, the national average productivity of rubber in Sri Lanka is in the range of 700-900 kg ha-1 yr-1. One of the main reasons for not been able to reach the potential yield in Sri Lankan plantations is the use of poor quality plants. The annual planting hectarage in Sri Lanka is about 5,000 which requires 2.75 million budded plants. This quantity should be produced in government owned nurseries located in different regions under the management and the strict supervision of the Rubber Research Institute for the quality. Furthermore, the government spends about 500 million rupees annually on new and replanting of rubber. Therefore, it is the responsibility of all national organizations involved in rubber sector to take necessary steps to guarantee the production and supply of high quality plants in order to achieve the potential yields of the clones recommended.
650 ## - SUBJECT ADDED ENTRY--TOPICAL TERM
Topical Term Budwood nurseries
650 ## - SUBJECT ADDED ENTRY--TOPICAL TERM
Topical Term Juvenility
650 ## - SUBJECT ADDED ENTRY--TOPICAL TERM
Topical Term Maturity
650 ## - SUBJECT ADDED ENTRY--TOPICAL TERM
Topical Term Stock nurseries
700 ## - ADDED ENTRY--PERSONAL NAME
Personal name Nayanakantha N M C
700 ## - ADDED ENTRY--PERSONAL NAME
Personal name Senevirathna A M W K
942 ## - ADDED ENTRY ELEMENTS (KOHA)
Koha item type Journals
Holdings
Withdrawn status Lost status Damaged status Not for loan Home library Current library Shelving location Date acquired Koha item type
      Journals RRII Library RRII Library Botany 17/12/2021 Journals